| 000 | 00544nam a2200229Ia 4500 | ||
|---|---|---|---|
| 001 | 12227 | ||
| 003 | GE_BSU | ||
| 008 | 181216s||||||||xx |||||||||||||| ||und|| | ||
| 020 | _a9780062737182 | ||
| 040 | _cGE_BSU | ||
| 080 | _a574 | ||
| 100 | _aNiesen by Thomas M. | ||
| 245 | 4 | _aThe Marine Biology Coloring Book. | |
| 260 | _aNew York. | ||
| 260 | _bHarper Resourse. | ||
| 260 | _c2000 | ||
| 300 | _a115p;28cm. | ||
| 541 | _h55ლ. | ||
| 653 | _aThe Marine Biology Coloring Book. | ||
| 653 | _aბიოლოგია | ||
| 942 | _cBK | ||
| 999 |
_c45403 _d45403 |
||